| 000 | 00812nam a2200157 i 4500 | ||
|---|---|---|---|
| 001 | 186492 | ||
| 003 | ES-MaACL | ||
| 005 | 20230906222700.0 | ||
| 008 | 161118s1919 mx |||| | spa d | ||
| 110 | 2 |
_aMuseo Nacional de Arqueología, Historia y Etnografía (México) _9161300 |
|
| 245 | 1 | 0 |
_aInformes generales acerca de los trabajos llevados a cabo en el establecimiento, de agosto de 1915 a septiembre de 1917 ; de enero a diciembre de 1917 ; de septiembre de 1917 a julio de 1918, y de agosto de 1918 a julio de 1919 / _cMuseo Nacional de Arqueología, Historia y Etnografía. |
| 260 |
_aMéxico : _b[s.n.], _c1919 ( _fAntigua Imprenta de Murguia) |
||
| 300 |
_a34 p., [1] h. de lám. ; _c27 cm. |
||
| 594 | _aPrecede al tít.: Departamento Universitario y de Bellas Artes. | ||
| 852 |
_aES-MaACL _j1585-F-16 |
||
| 999 |
_c186492 _d186492 |
||